[Event "Nezhmetdinov Memorial 39th"]
[Site "Kazan"]
[Date "2017.06.05"]
[Round "6"]
[White "Mishin, Viacheslav"]
[Black "Kharitonov, Egor"]
[Result "0-1"]
[WhiteElo "2092"]
[BlackElo "1878"]
[PlyCount "118"]
[EventDate "2017.05.31"]
[EventType "swiss"]
[EventRounds "9"]
[EventCountry "RUS"]
[SourceTitle "EXT 2018"]
[Source "ChessBase"]
[SourceDate "2017.10.13"]
[SourceVersion "1"]
[SourceVersionDate "2017.10.13"]
[SourceQuality "1"]

1. e4 c5 2. Nf3 e6 3. c3 Nf6 4. e5 Nd5 5. d4 cxd4 6. cxd4 d6 7. Bd3 Bd7 8. 0-0 Bc6 9. Nc3 Nxc3 10. bxc3 Nd7 11. Bf4 dxe5 12. Nxe5 Nxe5 13. Bxe5 Bd6 14. Qe2 Bxe5 15. Qxe5 0-0 16. c4 Rc8 17. Rfd1 Qc7 18. Qe3 Rfd8 19. Rac1 Qa5 20. d5 Ba4 21. Qe1 Qxe1+ 22. Rxe1 exd5 23. cxd5 Rxc1 24. Rxc1 g6 25. Be4 Kg7 26. g3 Kf6 27. f4 Ke7 28. Rc7+ Rd7 29. Rc8 f5 30. Bf3 Kd6 31. Kf2 Rc7 32. Rxc7 Kxc7 33. Ke3 Kd6 34. Kd4 Be8 35. Bd1 Bf7 36. Bb3 b5 37. a3 a5 38. a4 bxa4 39. Ba2 Be8 40. Kc4 Bd7 41. Bb1 a3 42. Ba2 Ba4 43. Kc3 Bd1 44. Bc4 a4 45. Bb5 Kxd5 46. Bc4+ Ke4 47. Bg8 h6 48. Bf7 Bh5 49. Kb4 Kf3 50. Bd5+ Kf2 51. Kxa3 Kg1 52. h3 Kf2 53. g4 fxg4 54. hxg4 Bxg4 55. Kxa4 Bf5 56. Kb3 Ke3 57. Kc3 Be4 58. Be6 Kxf4 59. Kd2 h5 0-1

[Event "EU-ch U12 24th"]
[Site "Batumi"]
[Date "2014.10.23"]
[Round "5"]
[White "Hakobyan, Hakob"]
[Black "Mishin, Viacheslav"]
[Result "0-1"]
[WhiteElo "1760"]
[BlackElo "1912"]
[PlyCount "56"]
[EventDate "2014.10.19"]
[EventType "swiss"]
[EventRounds "9"]
[EventCountry "GEO"]
[SourceTitle "EXT 2016"]
[Source "ChessBase"]
[SourceDate "2015.10.08"]
[SourceVersion "1"]
[SourceVersionDate "2015.10.08"]
[SourceQuality "1"]

1. e4 d5 2. exd5 Nf6 3. d4 Nxd5 4. c4 Nb6 5. c5 Nd5 6. Bc4 g6 7. Qb3 c6 8. Nf3 Bg7 9. 0-0 0-0 10. Re1 b6 11. Bxd5 cxd5 12. cxb6 axb6 13. Nc3 Be6 14. Bf4 Nc6 15. Nb5 Re8 16. Rac1 Qd7 17. a4 Na5 18. Qb4 Nc6 19. Qd2 Bg4 20. Rc3 f6 21. Bh6 Na5 22. Bxg7 Kxg7 23. b3 Rac8 24. Qe3 Kf7 25. Nd2 Qe6 26. Qxe6+ Bxe6 27. b4 Nc6 28. Rb1 Red8 0-1

[Event "EU-ch U12 24th"]
[Site "Batumi"]
[Date "2014.10.22"]
[Round "4"]
[White "Mishin, Viacheslav"]
[Black "Serpetsidakis, Nikolaos"]
[Result "0-1"]
[WhiteElo "1912"]
[BlackElo "1729"]
[PlyCount "63"]
[EventDate "2014.10.19"]
[EventType "swiss"]
[EventRounds "9"]
[EventCountry "GEO"]
[SourceTitle "EXT 2016"]
[Source "ChessBase"]
[SourceDate "2015.10.08"]
[SourceVersion "1"]
[SourceVersionDate "2015.10.08"]
[SourceQuality "1"]

1. e4 c5 2. c3 e6 3. Nf3 d5 4. exd5 exd5 5. Bb5+ Nc6 6. Qe2+ Qe7 7. Ne5 Bd7 8. Nxd7 Kxd7 9. 0-0 Qxe2 10. Bxe2 Bd6 11. Na3 h5 12. Nb5 Bb8 13. d4 a6 14. Na3 cxd4 15. cxd4 Nxd4 16. Bd3 Ne7 17. Rd1 Be5 18. Bf1 b5 19. Bg5 f6 20. Be3 Ndf5 21. Nc2 Bxb2 22. Rab1 Bc3 23. Bd3 Ke6 24. a4 Nxe3 25. Nxe3 b4 26. f4 a5 27. f5+ Ke5 28. Nc2 Rab8 29. Rf1 Nc6 30. Bb5 Nd4 31. Nxd4 Bxd4+ 32. Kh1 0-1